The 40 taxonomic orders of birds - Statistics

General Stats
  • This quiz has been taken 358 times
  • The average score is 19 of 40
Answer Stats
Hint Answer % Correct
Perching Birds Passeriformes
87%
Falcons Falconiformes
83%
Pigeons Columbiformes
80%
Land fowl Galliformes
75%
Waterfowl Anseriformes
74%
Owls Strigiformes
74%
Parrots Psittaciformes
68%
Rails, Cranes, etc. Gruiformes
65%
New World Vultures, Secretarybird, Ospreys, Kites, Eagles, Hawks, Old World Vultures, etc. Accipitriformes
60%
Cuckoos Cuculiformes
59%
Rheas Rheiformes
59%
Tinamous Tinamiformes
59%
Toucans, Woodpeckers, Barbets, Honeyguides, etc. Piciformes
58%
Shorebirds, Gulls, Terns, Auks, Buttonquailsm Seed-Snipes, Plains-Wanderer Charadriiformes
57%
Trogons Trogoniformes
57%
Owlet-Nightjars, Treeswifts, Swifts, and Hummingbirds Apodiformes
51%
Storks Ciconiiformes
51%
Ostriches Struthioniformes
51%
Divers Gaviiformes
50%
Penguins Sphenisciformes
50%
Frogmouths, Nightjars, Oilbird, and Potoos Caprimulgiformes
49%
Flamingoes Phoenicopteriformes
48%
Cassowaries and Emu Casuariiformes
46%
Rollers, Ground-Rollers, Kingfishers, Bee-Eaters, Todies, Motmots Coraciiformes
46%
Grebes Podicipediformes
46%
Tubenosed seabirds Procellariiformes
45%
Kiwis Apterygiformes
44%
Frigatebirds, Gannets and Boobies, Cormorants, Darters Suliformes
44%
Pelicans, Ibises, Spoonbills, Herons, Hamerkop, and Shoebill Pelecaniiformes
37%
Bustards Otidiformes
35%
Seriemas Cariamiformes
30%
Turacos Musophagiformes
30%
Tropicbirds Phaethontiformes
28%
Sandgrouse Pterocliformes
28%
Mousebirds Coliformes
24%
Cuckoo Roller Leptosomiformes
18%
Kagu and Sunbittern Eurypigiformes
16%
Hoopoes and Hornbills Bucerotomiformes
14%
Mesites Mesitornithidae
14%
Hoatzin Opistocomiformes
14%
No matching quizzes found
Score Distribution
Percent of People with Each Score
Percentile by Number Answered
Your Score History
You have not taken this quiz